Newcastle United Squad 25/26 - Statistics

General Stats
  • This quiz has been taken 48 times
  • The average score is 18 of 27
Answer Stats
# Nation Former Club Answer % Correct
10 England Everton Anthony Gordon
95%
1 England Burnley Nick Pope
95%
39 Brazil Lyon Bruno Guimaraes
93%
7 Brazil Hoffenheim Joelinton
90%
2 England Atletico Madrid Kieran Trippier
88%
20 Sweden Nottingham Anthony Elanga
85%
5 Switzerland Deportivo Coruna Fabian Schar
85%
8 Italy Milan Sandro Tonali
85%
27 Germany Stuttgart Nick Woltemade
83%
33 England Brighton Dan Burn
80%
11 England Leicester City Harvey Barnes
76%
12 Germany Milan Malick Thiaw
68%
9 DR Congo Brentford Yoane Wissa
68%
32 England Southampton Aaron Ramsdale
66%
4 Netherlands Lille Sven Botman
63%
21 England Southampton Tino Livramento
63%
3 England Chelsea Lewis Hall
61%
23 England Norwich City Jacob Murphy
59%
41 England Aston Villa Jacob Ramsey
56%
6 England Nottingham Jamaal Lascelles
56%
67 England Youth Lewis Miley
56%
17 Sweden Amiens Emil Krafth
54%
28 England Arsenal Joe Willock
54%
18 Denmark Sheffield Utd William Osula
49%
26 England Birmingham John Ruddy
34%
30 Scotland West Ham Harrison Ashby
32%
29 England Motherwell Mark Gillespie
32%
No matching quizzes found
Score Distribution
Percent of People with Each Score
Percentile by Number Answered
Your Score History
You have not taken this quiz